[Event "KOS-ch"]
[Site "Pristina"]
[Date "2020.10.31"]
[Round "7"]
[White "Asllani, Muhamet"]
[Black "Hyseni, Nuridin"]
[Result "1-0"]
[WhiteElo "2192"]
[BlackElo "1858"]
[PlyCount "59"]
[EventDate "2020.10.10"]
[EventType "swiss"]
[EventRounds "9"]
[EventCountry "KOS"]
[SourceTitle "EXT 2022"]
[Source "ChessBase"]
[SourceDate "2021.10.06"]
[SourceVersion "1"]
[SourceVersionDate "2021.10.06"]
[SourceQuality "1"]

1. e4 b6 2. d4 Bb7 3. Bd3 e6 4. Nf3 Nf6 5. e5 Nd5 6. 0-0 c5 7. Qe2 h6 8. c3 cxd4 9. cxd4 Be7 10. Nbd2 a5 11. Ne4 Ba6 12. Bd2 Bxd3 13. Qxd3 0-0 14. Ne1 d6 15. f4 f5 16. exf6 Nxf6 17. Nxf6+ Bxf6 18. Qe4 d5 19. Qxe6+ Kh8 20. Nf3 Re8 21. Qf5 Re4 22. Rac1 Na6 23. Rc6 Nb4 24. Bxb4 axb4 25. Rfc1 Re8 26. h3 Qe7 27. Ne5 Bxe5 28. dxe5 Rf8 29. Qg4 Rad8 30. Rc7 1-0

[Event "KOS CupT"]
[Site "Pristina"]
[Date "2017.12.10"]
[Round "7.1"]
[White "Hyseni, Nuridin"]
[Black "Sahiti, Jahjush"]
[Result "0-1"]
[WhiteElo "1780"]
[BlackElo "2003"]
[PlyCount "120"]
[EventDate "2017.11.11"]
[EventType "team-tourn"]
[EventRounds "7"]
[EventCountry "KOS"]
[SourceTitle "EXT 2019"]
[Source "ChessBase"]
[SourceDate "2018.10.10"]
[SourceVersion "1"]
[SourceVersionDate "2018.10.10"]
[SourceQuality "1"]
[WhiteTeam "Kosovo"]
[BlackTeam "Ferizaji"]
[WhiteTeamCountry "KOS"]
[BlackTeamCountry "KOS"]

1. d4 d5 2. Nf3 Nf6 3. Bf4 Bf5 4. e3 e6 5. c4 Bd6 6. Bg3 c6 7. Nc3 Bxg3 8. hxg3 Nbd7 9. cxd5 exd5 10. Bd3 Bxd3 11. Qxd3 Qe7 12. a3 Ne4 13. b4 h6 14. Rc1 0-0 15. Na4 b5 16. Nc5 Nexc5 17. bxc5 Qe6 18. Ng5 Qg6 19. Qxg6 fxg6 20. Ne6 Rf6 21. Nc7 Rc8 22. Na6 Nb6 23. Nb4 a5 24. Nd3 Nd7 25. Rb1 a4 26. f4 Re6 27. Ne5 Nf6 28. 0-0 Ne4 29. g4 Nd2 30. Kf2 g5 31. f5 Rf6 32. Ke2 Nxf1 33. Rxf1 Rc7 34. e4 dxe4 35. Ke3 Rf8 36. Kxe4 Rb8 37. Rb1 Re7 38. Kd3 Rxe5 39. dxe5 Rd8+ 40. Ke4 Rd5 41. Rxb5 Rd2 42. Rb8+ Kf7 43. e6+ Ke7 44. Rb7+ Kf8 45. Rc7 Re2+ 46. Kd4 Rd2+ 47. Kc4 Rxg2 48. Rxc6 Rxg4+ 49. Kd5 Rg1 50. Rc8+ Ke7 51. Rc7+ Kf8 52. Rf7+ Kg8 53. c6 Rd1+ 54. Kc5 g4 55. c7 Rc1+ 56. Kb6 g3 57. Rd7 g2 58. Rd1 Rxd1 59. c8Q+ Kh7 60. e7 g1Q+ 0-1

[Event "KOS CupT"]
[Site "Pristina"]
[Date "2017.11.18"]
[Round "2.1"]
[White "Hyseni, Nuridin"]
[Black "Shehu, Mulaim"]
[Result "1-0"]
[WhiteElo "1780"]
[BlackElo "1943"]
[PlyCount "51"]
[EventDate "2017.11.11"]
[EventType "team-tourn"]
[EventRounds "7"]
[EventCountry "KOS"]
[SourceTitle "EXT 2019"]
[Source "ChessBase"]
[SourceDate "2018.10.10"]
[SourceVersion "1"]
[SourceVersionDate "2018.10.10"]
[SourceQuality "1"]
[WhiteTeam "Kosovo"]
[BlackTeam "Vellaznimi"]
[WhiteTeamCountry "KOS"]
[BlackTeamCountry "KOS"]

1. d4 Nf6 2. Nf3 d5 3. Bf4 Bf5 4. e3 e6 5. c4 c6 6. Nc3 Bd6 7. Bg3 0-0 8. a3 Re8 9. Bd3 Bg6 10. 0-0 Bxg3 11. hxg3 Nbd7 12. cxd5 exd5 13. b4 a6 14. Na4 Rb8 15. Qc2 Qe7 16. Nc5 Qd6 17. Rfc1 Re7 18. a4 Ne4 19. b5 axb5 20. axb5 cxb5 21. Nxd7 Rxd7 22. Rab1 b4 23. Ne5 Rdd8 24. Rb2 Rbc8 25. Qxc8 Rxc8 26. Rxc8+ 1-0